Online
Catalog

Fuera del alcance de los niños / (Record no. 7539)

MARC details
000 -CABECERA
campo de control de longitud fija 00680cam a2200229 a 4500
001 - NÚMERO DE CONTROL
campo de control 000007761
005 - FECHA Y HORA DE LA ÚLTIMA TRANSACCIÓN
campo de control 20200929154305.0
008 - DATOS DE LONGITUD FIJA--INFORMACIÓN GENERAL
campo de control de longitud fija 990602s1999 sp 001 f spa
020 ## - NÚMERO INTERNACIONAL ESTÁNDAR DEL LIBRO
Número Internacional Estándar del Libro 8420790702
040 ## - FUENTE DE LA CATALOGACIÓN
Centro catalogador/agencia de origen DO-SdBNP
Lengua de catalogación spa
Centro/agencia transcriptor DLC
Centro/agencia modificador DLC
-- BNPHU
082 ## - NÚMERO DE LA CLASIFICACIÓN DECIMAL DEWEY
Número de clasificación 863.64
Número de documento/Ítem V622f
049 ## - FONDOS LOCALES (OCLC)
Fondos de biblioteca BNGR
100 1# - ENTRADA PRINCIPAL--NOMBRE DE PERSONA
Nombre de persona Vias Mahou, Berta,
Fechas asociadas al nombre 1961-
9 (RLIN) 21452
245 10 - MENCIÓN DE TÍTULO
Título Fuera del alcance de los niños /
Mención de responsabilidad, etc. Berta Vias Mahou.
260 ## - PUBLICACIÓN, DISTRIBUCIÓN, ETC.
Lugar de publicación, distribución, etc. Madrid :
Nombre del editor, distribuidor, etc. Anaya,
Fecha de publicación, distribución, etc. 1999.
300 ## - DESCRIPCIÓN FÍSICA
Extensión 150 p. ;
Dimensiones 23 cm.
490 1# - MENCIÓN DE SERIE
Mención de serie Espacio Abierto
Designación de volumen o secuencia 72
650 #4 - PUNTO DE ACCESO ADICIONAL DE MATERIA--TÉRMINO DE MATERIA
Término de materia o nombre geográfico como elemento de entrada Novela española
9 (RLIN) 1123
650 #4 - PUNTO DE ACCESO ADICIONAL DE MATERIA--TÉRMINO DE MATERIA
Término de materia o nombre geográfico como elemento de entrada Literatura española
9 (RLIN) 632
830 #0 - PUNTO DE ACCESO ADICIONAL DE SERIE-TÍTULO UNIFORME
Título uniforme Espacio Abierto ;
Designación de volumen o secuencia 72
9 (RLIN) 21453
910 ## - DATOS DE OPCIÓN DEL USUARIO (OCLC)
Datos de opción del usuario Catalogación por copia / LC
Holdings
Estado de retiro Estado de pérdida Restricciones de uso No para préstamo Código de colección Localización permanente Ubicación/localización actual Ubicación en estantería Fecha de adquisición Número de inventario Total de préstamos Signatura topográfica completa Código de barras Fecha visto por última vez Precio válido a partir de Tipo de ítem Koha
    Préstamo interno   Monografías: Libros y Folletos General General En catalogación 10.09.2009 LF1   863.64 V622f 7761-10 25.06.2020 25.06.2020 Préstamo interno

Powered by Koha